[Event "Bad Griesbach Seniors op 11th"]
[Site "Bad Griesbach"]
[Date "2008.12.12"]
[Round "6"]
[White "Schuster, Herbert"]
[Black "Gabriel, Wolfgang"]
[Result "1-0"]
[WhiteElo "1717"]
[BlackElo "1443"]
[PlyCount "33"]
[EventDate "2008.12.07"]
[EventType "swiss"]
[EventRounds "7"]
[EventCountry "GER"]
[SourceTitle "EXT 2015"]
[Source "ChessBase"]
[SourceDate "2014.11.20"]
[SourceVersion "1"]
[SourceVersionDate "2014.11.20"]
[SourceQuality "1"]

1. d4 Nf6 2. c4 e6 3. Nf3 b6 4. g3 Ba6 5. b3 Bb4+ 6. Bd2 Be7 7. Nc3 c6 8. Bg2 d5 9. Ne5 Nfd7 10. cxd5 cxd5 11. 0-0 Bf6 12. Nxd5 Bxe5 13. dxe5 exd5 14. Bxd5 Nc6 15. Bxc6 Rc8 16. Bxd7+ Qxd7 17. Bb4 1-0

[Event "Bad Griesbach Seniors op 10th"]
[Site "Bad Griesbach"]
[Date "2007.12.05"]
[Round "4"]
[White "Gabriel, Wolfgang"]
[Black "Sierian, Peter"]
[Result "1/2-1/2"]
[WhiteElo "1602"]
[BlackElo "1641"]
[PlyCount "28"]
[EventDate "2007.12.02"]
[EventType "swiss"]
[EventRounds "7"]
[EventCountry "GER"]
[SourceTitle "EXT 2015"]
[Source "ChessBase"]
[SourceDate "2014.11.20"]
[SourceVersion "1"]
[SourceVersionDate "2014.11.20"]
[SourceQuality "1"]

1. e4 b6 2. d4 Bb7 3. Bd3 e6 4. Ne2 d5 5. e5 c5 6. c3 Nc6 7. 0-0 cxd4 8. cxd4 g6 9. a3 Bg7 10. Nbc3 Nge7 11. Nb5 Nc8 12. b4 0-0 13. f4 a6 14. Nbc3 N8e7 1/2-1/2